MDQL
is popping MORE tags! Check the
thread
!
Quizzes
Events
Quiz Creation
Community
Videos
Private Events
Remove Ads
Sign In
Join for FREE
Feedback
Dark Mode
Quiz Categories
Sports
Geography
Music
Movies
Television
Just For Fun
Miscellaneous
History
Literature
Language
Science
Gaming
Entertainment
Religion
Holiday
For Kids
Quiz Lab
Recent
Popular Today
Quiz Kudos Today
Editor Picks
Curator Picks
Quizzes by...
Day
Popularity
Type
Ratings
Length
Year
Community
Subscriptions
Recent Discussions
Orange Saloon
Badges
Playlists
Quests
Create
Leaderboards
Showdown
Live 5
Trivia Bingo
Activity
Puzzle Library
Sporcle Events
Private Events
Virtual Trivia
Globe League
Become a Host
Pub Owners
SporcleCon
Opinionation
Our Games
Videos
Blog
Mobile Apps
Partnerships
Remove Ads and Go Orange
Feedback
Just For Fun
Clickable
Get the Picture
Humor
Quick Pick
Word Ladder
Missing Word
Mixed Word
Blitz
Minefield
This or That
Alphabet
Color
Typing
Sporcle
Puzzle
Word Play
Follow That Line
Logic
Just For Fun
Clickable
Get the Picture
Humor
Quick Pick
Word Ladder
Missing Word
Mixed Word
Blitz
Minefield
This or That
Alphabet
Color
Typing
Sporcle
Puzzle
Word Play
Follow That Line
Logic
Random Quiz
Search Sporcle
×
Quiz Lab
Quiz Lab
Just For Fun
form
Type in answers that appear in a list
Type in answers that appear in a list
Classic
Best Score? Go Orange.
Ousedale 6th form crew Stats
Can you name the Our group in 6th form (Ousedale)?
By
Rossg
5m
51 Questions
33 Plays
33 Plays
33 Plays
Comments
Comments
Give Quiz Kudos
Give Quiz Kudos
-
- Ratings
hide this ad
Random Order
Randomize order of answers
Randomize order of answers
Replay
Link that replays current quiz
Next Quiz
Link to next quiz in quiz playlist
You Got
0%
They Got
Avg Score
52%
Avg Friend Score
Upgrade to see
Score Distribution
Jump to the score distribution portion of the page
Score
0/51
Timer
05:00
0
Plays Today
Hint
First n Second name
% Correct
Twin 1
Daniel Milner
78.8%
Never gonna get laid
Ross Greig
75.8%
Twin 2
James Milner
75.8%
Bender with a Cardigan
Callum Adams
72.7%
Monkey!
Sam Taylor
72.7%
Mac lover
Joe Gritton
69.7%
Army boy
Robert Puryer
69.7%
King of group
Ben O'Donnell
69.7%
He's just g
Guy Wagstaff
66.7%
Leeeeeeeeeeerrrrrooooooooyyyyyy
Sarah LeRoy
66.7%
Chub
Charlie Leathem
66.7%
Friendly ghost
Casper Farrimond
66.7%
Violent singer
Amy Herriman
63.6%
JAWS
Daniel Greig
63.6%
Paper
Greg Pape
63.6%
Chale
Charlotte Hale
63.6%
sex king
Chris Locan
60.6%
Crazy arty girl
Lauren Clampton
60.6%
Nelson mandella
Joe Brown
60.6%
Stantonbury girl
Liz Andrews
57.6%
King Of Spain
William Pearson
57.6%
Ohh you
Ross Clamp
57.6%
death stare
Michelle Taylor
57.6%
O'jally
Josie Sultan
57.6%
Made of flowers
Alice Wilson
57.6%
What is his first name?
Paul Tibble
54.5%
Hint
First n Second name
% Correct
Whipper
Robyn Eastment
54.5%
really quiet girl
Kim Lister
51.5%
Big D's Little D
Dave Abrams
51.5%
I would ;)
Jamie Lear
51.5%
Sex freak
Clare Simpson
51.5%
Evil swimmer
David Wilcox
48.5%
Shorty's like a melody
Tamara Fenton
48.5%
King Of Spains secret sex slave
Laura Macdougall
45.5%
Cake girl
Sarah Kilpin
45.5%
WISPA
Charlotte Heggie
42.4%
On e
Daniela Ferebee
42.4%
Pink hair thats enough
Lianne Fairweather
39.4%
Lines
Stephanie Lynes
39.4%
Shy
Clara Betterman
39.4%
Dancey happy type
Louise Howard
36.4%
Little ds littler
Shiromi Bedesse
36.4%
Sex luruver
Daniel Meridith
33.3%
'I'm gonna come in ur mouth'
Hayden Sennett
33.3%
juice
Laura Robinson
33.3%
Arty girl
Danielle Marriott
33.3%
Firey
Katie Cavindish
24.2%
brain machine
Holly Burbridge
24.2%
Tall lovable girl
Enrika Berzanskyte
21.2%
Hallum
Shannan McWilliams
21.2%
odd convos
Rebecca Daniels
21.2%
Quiz Playlist
Details
Report
Send in Message
Add To Playlist
Classic:
Type in answers that appear in a list
Random Order:
Randomize order of answers
Last Updated: Feb 16, 2017
Quiz Scoreboard
CHALLENGE
Sign Up to Join the Scoreboard
Show All
Scores
Hide
Comments
May contain spoilers
Recently Published
Street Fighter Characters
by Artimus82
Gaming
60s
9x9 Crossword: Cartoon Network
by jackfrog10
Miscellaneous
3m
College Basketball Coaching Resumes
by pancakes188
Sports
9m
More to Explore
Quiz From the Vault
Featured Blog Post
Where Did the Easter Bunny Come From?
hide this ad
You Might Also Like...
Tags
6th
form
group
second
Today's Top Quizzes in Just For Fun
Browse Just For Fun
hide this ad
Today's Top Quizzes in form
Browse form
Top Contributed Quizzes in Just For Fun
1
Name Just One - 10 to 1: Just For Fun
2
Killer Double Trees 224 - Colour Match-Up
3
Spring Typing Challenge
4
Crossword Whiteout! 49
5
Zeroing In: Just For Fun
6
Survivor Winners Logic Puzzle
7
Word Ladder: Ahoy Matey
8
Word Ladder: Wilderness Weapon
9
Kyle's 122nd Triple Trees
10
Harry Potter Logic - 'In Chains' II
Explore More
Trending Topics
Kpop
Harry Potter
Disney
Marvel
NBA
Anime
Crossword
Song
WWE
Soccer
Puzzle
NFL
Pokémon
Country
The Office
hide this ad
More By:
Rossg
Quiz
Plays
Rating
Category
Featured
Created
Tenacious D Songs
232
2.00
Music
Mar 21, 2010
Number 1's of 2009
64
3.00
Music
Mar 20, 2010
top 10 films by Ross Greig
3
1.00
Just For Fun
Feb 28, 2012
Go to Creator's Profile
Score Distribution
Quiz Creator Spotlight
Rossg
Follow
Send a Message
Quizzes Created
-
Created Quiz Play Count
-
More By This Creator
Popular Quizzes Today
1
Find the US States - No Outlines Minefield
2
Find the Countries of Europe - No Outlines Minefield
3
The Countries of the World
4
Find the US States
5
Risky Map Clicking: Biggest States A-Z
6
US States
7
Popular People in 1961
8
Movies - When Are They Set?
More Just For Fun Quizzes
Obstruction Puzzle 12
Quiz Lab
Trending Quizzes
Risky Map Clicking: Least Populous States A-Z
Countries of the World: 200 Million BC
1-10 Letter G Words
Risky Map Clicking: Next State Alphabetically
Adjectives in 80s TV Shows
Recently Updated
Leaping Animals
pecheneg
Reality TV Shows (A-Z)
bhenderson79
Rickey Henderson's Hall of Fame Teammates
pecheneg
Champions League XIs: Arsenal
pecheneg
Quick Pick: Celebrities in WWE's Hall of Fame
aduchscher
A-Z Keypad Blitz II
pecheneg
Multiple Oscar Actors
pecheneg
Mystery Phrase Blitz: Oscar 'Best Actors'
pecheneg
F. Scott Fitzgerald Novels
LTH
Pick 3 Villains
ddd62291
Trending Topics
Harry Potter
NBA
Disney
Anime
Crossword
Kpop
Marvel
Soccer
Country
NFL
Song
The Office
Puzzle
WWE
Pokémon
Your Account Isn't Verified!
In order to create a playlist on Sporcle, you need to verify the email address you used during registration. Go to your
Sporcle Settings
to finish the process.
Report this User
Report this user for behavior that violates our
Community Guidelines
.
Details:
Send Report
Go to the Sporcle.com Mobile Site →
Comments